000 00605nam a22002177a 4500
003 OSt
005 20210426081505.0
008 210215s2011 ||||| |||| 00| 0 eng d
020 _a9781465355881 (hb)
020 _a9781465355843 (sb)
040 _aeng
_beng
_cDLC
041 _aeng
080 _a821.111
_bH-93
100 _9389
_aHurst, J. Willis
245 _aFred and Mike
_c/ by: Xlibris Corporation
260 _aUSA
_bXlibris Corporation
_c2011
300 _a133 p.
650 0 _9254
_aEnglish literature
653 _aინგლისური ლიტერატურა
942 _2udc
_cBK
999 _c1384
_d1384